[Event "Corr"]
[Site "?"]
[Date "2002.06.15"]
[Round "?"]
[White "Makovsky Ing.Petr (CZE)"]
[Black "Ruggeri Laderchi Giorgio (ITA"]
[Result "1-0"]
[WhiteElo "2371"]
[BlackElo "2443"]
[PlyCount "137"]
[EventDate "2002.??.??"]
[Source "www.chesslib.no"]
[SourceDate "2004.05.04"]

1. e4 e5 2. Nf3 Nc6 3. Bc4 Nf6 4. Ng5 d5 5. exd5 Na5 6. Bb5+ c6 7. dxc6 bxc6 8. Be2 h6 9. Nf3 e4 10. Ne5 Bc5 11. c3 Qc7 12. d4 exd3 13. Nxd3 Bd6 14. Na3 O-O 15. b4 Nb7 16. Nc4 Nd5 17. Bb2 Re8 18. Nxd6 Nxd6 19. O-O Nc4 20. Bf3 Be6 21. Bxd5 Bxd5 22. Bc1 Qd6 23. Nf4 Rad8 24. a4 Re4 25. Nxd5 cxd5 26. Ra2 Rde8 27. f3 R4e6 28. Qd4 Re1 29. Raf2 a6 30. Bf4 Qc6 31. h3 Rxf1+ 32. Rxf1 Re2 33. Kh2 Rb2 34. a5 Qe6 35. Rf2 Rb3 36. Bb8 Rb1 37. Ba7 Ra1 38. Qd3 Ne5 39. Qc2 Re1 40. Bd4 Nc4 41. Qd3 h5 42. Rf1 Rxf1 43. Qxf1 f6 44. Qd3 f5 45. f4 h4 46. Qf3 Qd6 47. Kg1 Qe6 48. Qf2 Qh6 49. b5 axb5 50. Qf3 Qc6 51. a6 Qxa6 52. Qxd5+ Kh7 53. Qxf5+ Qg6 54. Qxb5 Nd6 55. Qb6 Ne4 56. Qxg6+ Kxg6 57. c4 Kf7 58. c5 Ke6 59. g4 hxg3 60. c6 Kd6 61. Bxg7 Kxc6 62. h4 Kd5 63. h5 Ke6 64. h6 Kf7 65. Kg2 Kg6 66. Kf3 Nd6 67. Kxg3 Nf5+ 68. Kg4 Ne3+ 69. Kf3 1-0

[Event "Moscow Central CC Ch"]
[Site "Moscow RUS"]
[Date "1991.??.??"]
[Round "10"]
[White "Losev, Dmitry"]
[Black "Arbakov, Valentin"]
[Result "1-0"]
[WhiteElo "2320"]
[BlackElo "2485"]
[PlyCount "71"]
[EventDate "1991.??.??"]
[Source "www.chesslib.no"]
[SourceDate "2004.05.04"]

1. e4 e5 2. Nf3 Nc6 3. Bc4 Nf6 4. Ng5 d5 5. exd5 Na5 6. Bb5+ c6 7. dxc6 bxc6 8. Be2 h6 9. Nf3 e4 10. Ne5 Bd6 11. f4 exf3 12. Nxf3 O-O 13. O-O c5 14. b3 Bb7 15. Bb2 Re8 16. Na3 Bc7 17. Nc4 Nxc4 18. Bxc4 Qd6 19. Bxf6 Qxf6 20. Rf2 Re4 21. Qf1 Rae8 22. Re1 Kh8 23. Rxe4 Rxe4 24. Re2 Rf4 25. Re8+ Kh7 26. Qd3+ g6 27. Bd5 c4 28. bxc4 Bb6+ 29. Kh1 Bxd5 30. cxd5 Qa1+ 31. Re1 Qxa2 32. g3 Rc4 33. Re7 Qb1+ 34. Kg2 Qxc2 35. Qe2 Qf5 36. Qxc4 1-0

[Event "Sombor"]
[Site "Sombor"]
[Date "1974.??.??"]
[Round "6"]
[White "Hartoch, Robert G"]
[Black "Bisguier, Arthur Bernard"]
[Result "0-1"]
[WhiteElo "2370"]
[BlackElo "2435"]
[PlyCount "74"]
[EventDate "1974.??.??"]
[Source "ChessBase"]

1. e4 e5 2. Nf3 Nc6 3. Bc4 Nf6 4. Ng5 d5 5. exd5 Na5 6. Bb5+ c6 7. dxc6 bxc6 8. Be2 h6 9. Nf3 e4 10. Ne5 Bd6 11. f4 exf3 12. Nxf3 O-O 13. d4 c5 14. dxc5 Bxc5 15. Qxd8 Rxd8 16. Bd2 Nc6 17. Nc3 Ng4 18. Ne4 Bb6 19. h3 Ne3 20. Bxe3 Bxe3 21. Bd3 Rb8 22. b3 Nb4 23. Ke2 Bb6 24. Rhd1 Bb7 25. Nf2 Nd5 26. Re1 Ne3 27. Rg1 Re8 28. Kd2 Nd5 29. Nd1 Bxg1 30. Nxg1 Nf4 31. g3 Nxd3 32. cxd3 Re6 33. Nc3 Rd8 34. Nce2 Ba6 35. d4 Rde8 36. Nf4 Re3 37. g4 R3e4 0-1

[Event "5th Open Voronezh RUS"]
[Site "?"]
[Date "2001.??.??"]
[Round "8"]
[White "Chuprov, D."]
[Black "Tikhomirov, S."]
[Result "1-0"]
[WhiteElo "2470"]
[BlackElo "2335"]
[PlyCount "101"]
[EventDate "2001.??.??"]
[Source "www.chesslib.no"]
[SourceDate "2004.05.04"]

1. e4 e5 2. Nf3 Nc6 3. Bc4 Nf6 4. Ng5 d5 5. exd5 Na5 6. Bb5+ c6 7. dxc6 bxc6 8. Be2 h6 9. Nf3 e4 10. Ne5 Bd6 11. d4 exd3 12. Nxd3 Qc7 13. h3 O-O 14. O-O c5 15. b3 c4 16. bxc4 Nxc4 17. Nd2 Be6 18. Nxc4 Bxc4 19. Bf3 Rab8 20. Re1 Rfd8 21. a4 Nd5 22. Bd2 Nb4 23. Be4 Nxd3 24. cxd3 Bxd3 25. Rc1 Bh2+ 26. Kh1 Bc4 27. Qg4 Be6 28. Rxc7 Bxg4 29. Kxh2 Bd7 30. Rxa7 Bxa4 31. Rxa4 Rxd2 32. Kg3 Rd7 33. Rb1 Rbd8 34. Ra8 Rxa8 35. Bxa8 g5 36. Be4 Kg7 37. Rb7 Rd6 38. f4 gxf4+ 39. Kxf4 Rf6+ 40. Ke3 Rd6 41. Rc7 Rd1 42. Bf3 Rd6 43. Bh5 Rf6 44. Ke4 Re6+ 45. Kf4 Rf6+ 46. Kg4 Rf2 47. Rxf7+ Rxf7 48. Bxf7 Kxf7 49. Kf5 Kg7 50. h4 Kf7 51. h5 1-0

[Event "HUN-chT 9798"]
[Site "Hungary"]
[Date "1998.??.??"]
[Round "?"]
[White "Dudas, Jan"]
[Black "Korpics, Zsolt"]
[Result "1/2-1/2"]
[WhiteElo "2405"]
[BlackElo "2395"]
[PlyCount "39"]
[EventDate "1997.??.??"]
[Source "www.chesslib.no"]
[SourceDate "2004.05.04"]

1. Nf3 Nc6 2. e4 e5 3. Bc4 Nf6 4. Ng5 d5 5. exd5 Na5 6. Bb5+ c6 7. dxc6 bxc6 8. Be2 h6 9. Nf3 e4 10. Ne5 Bd6 11. d4 exd3 12. Nxd3 Qc7 13. Be3 c5 14. c4 O-O 15. Na3 a6 16. Bf3 Rb8 17. Qe2 Bf5 18. Rd1 Rfe8 19. Kf1 Nc6 20. Qd2 1/2-1/2

[Event "Dortmund-B"]
[Site "Dortmund GER"]
[Date "1987.??.??"]
[Round "?"]
[White "King, Daniel J"]
[Black "Zsinka, Laszlo"]
[Result "1/2-1/2"]
[WhiteElo "2475"]
[BlackElo "2320"]
[PlyCount "97"]
[EventDate "1987.04.??"]
[Source "www.chesslib.no"]
[SourceDate "2004.05.04"]

1. e4 e5 2. Nf3 Nc6 3. Bc4 Nf6 4. Ng5 d5 5. exd5 Na5 6. Bb5+ c6 7. dxc6 bxc6 8. Be2 h6 9. Nf3 e4 10. Ne5 Bd6 11. d4 exd3 12. Nxd3 Qc7 13. b3 O-O 14. Bb2 Nd5 15. Nc3 Nf4 16. O-O Nxd3 17. Bxd3 Bxh2+ 18. Kh1 Be5 19. Qh5 f5 20. Rae1 Bf6 21. Na4 Bxb2 22. Nxb2 Bd7 23. Re7 Rae8 24. Rfe1 Rxe7 25. Rxe7 Qd6 26. Qe2 Rf6 27. Qe5 Kf8 28. Qxd6 Rxd6 29. Re5 Rd5 30. Re2 Nb7 31. f3 Rd6 32. Nc4 Rf6 33. Ne5 Be8 34. Kg1 Nc5 35. Bc4 Rd6 36. Kf2 g6 37. Ke1 Nd7 38. b4 Nxe5 39. Rxe5 Rd7 40. Ra5 Re7+ 41. Kd2 Kg7 42. Ra6 h5 43. a4 h4 44. f4 Kh6 45. b5 cxb5 46. Bxb5 Bf7 47. Rd6 Re4 48. Rd7 Be6 49. Re7 1/2-1/2

[Event "Corr"]
[Site "?"]
[Date "2002.11.15"]
[Round "?"]
[White "Lebedev Valery Ivanovich (R"]
[Black "Staf Gunnar (SWE)"]
[Result "1-0"]
[WhiteElo "2429"]
[BlackElo "2355"]
[PlyCount "75"]
[EventDate "2002.??.??"]
[Source "www.chesslib.no"]
[SourceDate "2004.05.04"]

1. e4 e5 2. Nf3 Nc6 3. Bc4 Nf6 4. Ng5 d5 5. exd5 Na5 6. Bb5+ c6 7. dxc6 bxc6 8. Be2 h6 9. Nf3 e4 10. Ne5 Bd6 11. d4 exd3 12. Nxd3 Qc7 13. b3 c5 14. Na3 Rb8 15. c4 a6 16. Bb2 O-O 17. Bxf6 gxf6 18. Qd2 Bf5 19. Nc2 Rfe8 20. Ne3 Be6 21. h3 f5 22. O-O Nc6 23. Rfe1 Kh7 24. Rad1 Rg8 25. Nc2 a5 26. Bf3 a4 27. Bd5 Bxd5 28. cxd5 axb3 29. axb3 Ne7 30. Ne3 Rxb3 31. Qc2 Rb5 32. Nb2 Rg6 33. Nbc4 Qd7 34. Nxd6 Rxd6 35. Rd2 Kg8 36. Qc3 Ng6 37. Ra1 Qc8 38. Rdd1 1-0

[Event "IND-ch 39th"]
[Site "Nagpur"]
[Date "2002.02.03"]
[Round "18"]
[White "Swathi, Ghate"]
[Black "Gokhale, CS."]
[Result "1-0"]
[WhiteElo "2362"]
[BlackElo "2407"]
[PlyCount "83"]
[EventDate "2002.01.16"]
[Source "ChessBase"]
[SourceDate "2002.03.14"]

1. e4 e5 2. Nf3 Nc6 3. Bc4 Nf6 4. Ng5 d5 5. exd5 Na5 6. Bb5+ c6 7. dxc6 bxc6 8. Be2 h6 9. Nf3 e4 10. Ne5 Bd6 11. d4 exd3 12. Nxd3 Qc7 13. b3 O-O 14. Bb2 Re8 15. h3 Qe7 16. Nc3 c5 17. O-O c4 18. Bf3 Bb7 19. Re1 Qd7 20. Bxb7 Qxb7 21. Rxe8+ Rxe8 22. Ne1 Rd8 23. Qf3 Qe7 24. Rd1 Re8 25. g3 Bb4 26. Ng2 Qe6 27. a3 Bf8 28. b4 Nc6 29. Nd5 Nxd5 30. Qxd5 Qg6 31. Qxc4 Ne7 32. Qd3 Qc6 33. c4 Qa4 34. c5 Nc6 35. Ne3 a5 36. Qc2 Qxc2 37. Nxc2 Re2 38. Nd4 Nxd4 39. Bxd4 Ra2 40. c6 Bd6 41. Bb6 Rc2 42. Rxd6 1-0

[Event "Wroclaw-A"]
[Site "Wroclaw POL"]
[Date "1980.??.??"]
[Round "9"]
[White "Skrobek, Ryszard"]
[Black "Lukacs, Peter"]
[Result "1/2-1/2"]
[WhiteElo "2350"]
[BlackElo "2405"]
[PlyCount "57"]
[EventDate "1980.05.??"]
[Source "www.chesslib.no"]
[SourceDate "2004.05.04"]

1. e4 e5 2. Nf3 Nc6 3. Bc4 Nf6 4. Ng5 d5 5. exd5 Na5 6. Bb5+ c6 7. dxc6 bxc6 8. Be2 h6 9. Nf3 e4 10. Ne5 Bd6 11. f4 exf3 12. Nxf3 O-O 13. O-O c5 14. b3 Nc6 15. Na3 Re8 16. Bb5 Bb7 17. Nc4 Bc7 18. Bb2 Re6 19. Bxc6 Bxc6 20. Nh4 Kh7 21. Rxf6 gxf6 22. Qh5 Qe7 23. Nf5 Qf8 24. Rf1 Qd8 25. g4 Re2 26. Rf2 Re1+ 27. Rf1 Re2 28. Rf2 Re1+ 29. Rf1 1/2-1/2

[Event "POL-ch 37th"]
[Site "Lodz"]
[Date "1980.??.??"]
[Round "10"]
[White "Skrobek, Ryszard"]
[Black "Sydor, Andrzej"]
[Result "0-1"]
[WhiteElo "2350"]
[BlackElo "2405"]
[PlyCount "68"]
[EventDate "1980.02.10"]
[Source "ChessBase"]

1. e4 e5 2. Nf3 Nc6 3. Bc4 Nf6 4. Ng5 d5 5. exd5 Na5 6. Bb5+ c6 7. dxc6 bxc6 8. Be2 h6 9. Nf3 e4 10. Ne5 Bc5 11. c3 Qc7 12. f4 Bd6 13. O-O O-O 14. d4 exd3 15. Qxd3 Rd8 16. Qc2 Nd5 17. b4 Nb7 18. Bh5 g6 19. Bxg6 fxg6 20. Qxg6+ Qg7 21. Qxg7+ Kxg7 22. Nxc6 Rf8 23. Ne5 Bxe5 24. fxe5 Rxf1+ 25. Kxf1 Bf5 26. Kg1 Rd8 27. Kf2 Bg6 28. h3 Rf8+ 29. Kg1 Nd8 30. Ba3 Ne3 31. Nd2 Nc2 32. Bb2 Nxa1 33. Bxa1 Ne6 34. c4 Rd8 0-1

[Event "ch-Paris, Paris FRA"]
[Site "Paris"]
[Date "1999.??.??"]
[Round "2"]
[White "Sokolov, An"]
[Black "Timmermans, I."]
[Result "1-0"]
[WhiteElo "2540"]
[BlackElo "2210"]
[PlyCount "75"]
[EventDate "1999.??.??"]
[Source "www.chesslib.no"]
[SourceDate "2004.05.04"]

1. e4 e5 2. Nf3 Nc6 3. Bc4 Nf6 4. Ng5 d5 5. exd5 Na5 6. Bb5+ c6 7. dxc6 bxc6 8. Be2 h6 9. Nf3 e4 10. Ne5 Bd6 11. d4 exd3 12. Nxd3 Qc7 13. h3 Bf5 14. Nc3 O-O 15. O-O Rad8 16. Re1 a6 17. Bf1 c5 18. Qf3 Nc6 19. Be3 Bc8 20. Ne4 Nxe4 21. Qxe4 Nd4 22. Bxd4 Bb7 23. Qh4 cxd4 24. Re2 Qa5 25. a3 Qf5 26. Rae1 Kh8 27. Qg4 Qf6 28. Ne5 Bb8 29. f4 g6 30. Nd3 h5 31. Qg3 Bc6 32. Ne5 Bb7 33. h4 Kg7 34. Qg5 Ba7 35. Nd3 Qd6 36. Re7 Rd7 37. R1e6 Qd5 38. Rxg6+ 1-0

[Event "Corr"]
[Site "?"]
[Date "1995.11.15"]
[Round "?"]
[White "Prokhorov Vladimir Mikhailovi"]
[Black "Kramer Svend Erik (DEN)"]
[Result "0-1"]
[WhiteElo "2360"]
[BlackElo "2390"]
[PlyCount "52"]
[EventDate "1995.??.??"]
[Source "www.chesslib.no"]
[SourceDate "2004.05.04"]

1. e4 e5 2. Nf3 Nc6 3. Bc4 Nf6 4. Ng5 d5 5. exd5 Na5 6. Bb5+ c6 7. dxc6 bxc6 8. Be2 h6 9. Nf3 e4 10. Ne5 Bd6 11. f4 exf3 12. Nxf3 O-O 13. d4 c5 14. c3 Re8 15. O-O Bb7 16. Bd3 Qc7 17. Kh1 Bxf3 18. Qxf3 Bxh2 19. Bg5 hxg5 20. Nd2 cxd4 21. Ne4 Nxe4 22. Bxe4 Rad8 23. Rae1 Bg3 24. Re2 Re6 25. Qg4 Rh6+ 26. Kg1 dxc3 0-1

[Event "Kiev UKR"]
[Site "?"]
[Date "2006.01.08"]
[Round "1"]
[White "Galinsky Timofey"]
[Black "Moliboga Vladimir"]
[Result "0-1"]
[WhiteElo "2426"]
[BlackElo "2322"]
[PlyCount "48"]
[EventDate "2006.??.??"]
[Source "www.chesslib.no"]
[SourceDate "2004.05.04"]

1. e4 e5 2. Nf3 Nc6 3. Bc4 Nf6 4. Ng5 d5 5. exd5 Na5 6. Bb5+ c6 7. dxc6 bxc6 8. Be2 h6 9. Nf3 e4 10. Ne5 Qd5 11. d4 Bd6 12. c4 Qe6 13. Qa4 Bxe5 14. dxe5 Qxe5 15. Bd2 Qxb2 16. Bxa5 Qxa1 17. Qxc6+ Nd7 18. O-O Rb8 19. Nc3 Qb2 20. Rb1 Qxe2 21. Qxc8+ Rxc8 22. Nxe2 O-O 23. Bc3 Rxc4 24. Rb7 Rb8 0-1

[Event "HUN-chT 9798"]
[Site "Hungary"]
[Date "1997.??.??"]
[Round "?"]
[White "Karolyi, Tibor Jr"]
[Black "Hardicsay, Peter"]
[Result "1/2-1/2"]
[WhiteElo "2390"]
[BlackElo "2355"]
[PlyCount "31"]
[EventDate "1997.??.??"]
[Source "www.chesslib.no"]
[SourceDate "2004.05.04"]

1. e4 e5 2. Nf3 Nc6 3. Bc4 Nf6 4. Ng5 d5 5. exd5 Na5 6. Bb5+ c6 7. dxc6 bxc6 8. Be2 h6 9. Nf3 e4 10. Ne5 Bd6 11. d4 exd3 12. Nxd3 Qc7 13. b3 O-O 14. Bb2 Bf5 15. Bxf6 gxf6 16. Nd2 1/2-1/2

[Event "Dzwirzyno (Poland)"]
[Site "?"]
[Date "2004.08.??"]
[Round "?"]
[White "Koziak Vitali"]
[Black "Kolosowski Pawel"]
[Result "1/2-1/2"]
[WhiteElo "2466"]
[BlackElo "2277"]
[PlyCount "98"]
[EventDate "2004.??.??"]
[Source "www.chesslib.no"]
[SourceDate "2004.05.04"]

1. e4 e5 2. Nf3 Nc6 3. Bc4 Nf6 4. Ng5 d5 5. exd5 Na5 6. Bb5+ c6 7. dxc6 bxc6 8. Be2 h6 9. Nf3 e4 10. Ne5 Bd6 11. d4 Qc7 12. Bf4 O-O 13. Bg3 c5 14. Nc3 a6 15. O-O Rb8 16. b3 Rb4 17. Nc4 Bxg3 18. hxg3 Nxc4 19. Bxc4 Rd8 20. Ne2 Bg4 21. c3 Rb6 22. Qd2 Bxe2 23. Qxe2 cxd4 24. cxd4 Rxd4 25. Bxa6 Rbd6 26. Rad1 Rxd1 27. Rxd1 Rxd1+ 28. Qxd1 e3 29. fxe3 Qa5 30. Qe2 Qe5 31. Bb7 Qxg3 32. Bf3 g5 33. b4 g4 34. b5 gxf3 35. Qxf3 Qe1+ 36. Kh2 Qh4+ 37. Kg1 Ng4 38. g3 Qh2+ 39. Kf1 h5 40. Qf4 Qh1+ 41. Ke2 Qd5 42. a4 Qa2+ 43. Kd3 Qb3+ 44. Kd2 Qb2+ 45. Kd3 Nf2+ 46. Kc4 Qa2+ 47. Kc3 Nd1+ 48. Kb4 Qd2+ 49. Kc5 Nxe3 1/2-1/2

[Event "HUN Team Ch"]
[Site "HUN"]
[Date "1991.??.??"]
[Round "?"]
[White "Soos, Arpad"]
[Black "Petran, Pal"]
[Result "0-1"]
[WhiteElo "2320"]
[BlackElo "2415"]
[PlyCount "122"]
[EventDate "1991.??.??"]
[Source "www.chesslib.no"]
[SourceDate "2004.05.04"]

1. e4 e5 2. Nf3 Nc6 3. Bc4 Nf6 4. Ng5 d5 5. exd5 Na5 6. Bb5+ c6 7. dxc6 bxc6 8. Be2 h6 9. Nf3 e4 10. Ne5 Bd6 11. d4 exd3 12. Nxd3 Qc7 13. b3 O-O 14. Bb2 Ne4 15. Nd2 f5 16. Nf3 c5 17. Nde5 Bb7 18. Nc4 Bf4 19. O-O Rad8 20. Qe1 Nxc4 21. Bxc4+ Kh7 22. Rd1 Rde8 23. Rd3 Nd2 24. Nxd2 Rxe1 25. Rxe1 Bxh2+ 26. Kh1 Bf4 27. Be6 Bc8 28. Bc4 Rd8 29. Nf3 Bb7 30. Red1 Rxd3 31. Bxd3 Qf7 32. Kg1 Be4 33. Bc4 Qe7 34. Bb5 Bxf3 35. gxf3 Be5 36. Bc1 Bd4 37. Bd3 g6 38. Kg2 Qh4 39. Rf1 h5 40. Bd2 Qf6 41. Rh1 Kg7 42. a4 Bc3 43. Bxc3 Qxc3 44. Rh4 a5 45. Rh3 Qd2 46. Rh1 Kf6 47. Rh3 h4 48. Kf1 g5 49. Kg2 Ke5 50. Rh2 Kf4 51. Rh1 Ke5 52. Rh2 Qf4 53. Be2 Kd4 54. Bd3 Kc3 55. Kf1 Kd2 56. Kg1 Ke1 57. Kg2 g4 58. Rh1+ Kd2 59. fxg4 fxg4 60. Rh2 Qf3+ 61. Kg1 h3 0-1

[Event "Hoogovens-B"]
[Site "Wijk aan Zee NED"]
[Date "1976.01.??"]
[Round "10"]
[White "Hartoch, Robert G"]
[Black "Bellin, Robert"]
[Result "1/2-1/2"]
[WhiteElo "2365"]
[BlackElo "2360"]
[PlyCount "101"]
[EventDate "1976.01.??"]
[Source "www.chesslib.no"]
[SourceDate "2004.05.04"]

1. e4 e5 2. Nf3 Nc6 3. Bc4 Nf6 4. Ng5 d5 5. exd5 Na5 6. Bb5+ c6 7. dxc6 bxc6 8. Be2 h6 9. Nf3 e4 10. Ne5 Bd6 11. f4 Qc7 12. d4 exd3 13. Nxd3 O-O 14. O-O c5 15. Nc3 Rb8 16. Kh1 Rd8 17. Qe1 Bf5 18. Qg3 Nc6 19. b3 c4 20. Bb2 cxd3 21. Nd5 dxe2 22. Bxf6 exf1=Q+ 23. Rxf1 Bg6 24. Nxc7 gxf6 25. Nd5 f5 26. Nf6+ Kf8 27. Qh3 Bxf4 28. Qf3 Rd6 29. Qxf4 Rxf6 30. Qxh6+ Kg8 31. Rf4 Re6 32. h3 Re4 33. Rxe4 fxe4 34. h4 Rb5 35. g4 Ne5 36. c4 Ra5 37. Qe3 Nd3 38. h5 Bh7 39. b4 Re5 40. a3 Kf8 41. c5 f5 42. Qh6+ Ke8 43. Qxh7 e3 44. Qg6+ Kf8 45. Qf6+ Ke8 46. Qc6+ Kf7 47. Qg6+ Kf8 48. Qf6+ Ke8 49. Qc6+ Kf7 50. Qg6+ Kf8 51. Qf6+ 1/2-1/2

[Event "Hamburg op"]
[Site "Hamburg"]
[Date "1981.??.??"]
[Round "2"]
[White "Stein, Bernd"]
[Black "Westerinen, Heikki MJ"]
[Result "1/2-1/2"]
[WhiteElo "2295"]
[BlackElo "2425"]
[PlyCount "103"]
[EventDate "1981.07.??"]
[Source "ChessBase"]

1. e4 e5 2. Nf3 Nc6 3. Bc4 Nf6 4. Ng5 d5 5. exd5 Na5 6. Bb5+ c6 7. dxc6 bxc6 8. Be2 h6 9. Nf3 e4 10. Ne5 Bd6 11. f4 exf3 12. Nxf3 O-O 13. O-O Re8 14. Nc3 Rb8 15. a3 c5 16. d4 Nc6 17. d5 Ne5 18. Nxe5 Bxe5 19. Bf3 Bb7 20. d6 Ba6 21. Re1 Bd4+ 22. Kh1 Rxe1+ 23. Qxe1 Qxd6 24. Ne4 Nxe4 25. Qxe4 Bb7 26. Qe2 Bxf3 27. Qxf3 Bxb2 28. Bxb2 Rxb2 29. Rd1 Qg6 30. c4 Rc2 31. Qd5 Qg5 32. Qa8+ Kh7 33. Qe4+ Qg6 34. Qd5 Ra2 35. h3 a5 36. Rf1 f6 37. Rf4 Qb1+ 38. Kh2 Qb8 39. Qf5+ Kh8 40. Kg1 Ra1+ 41. Rf1 Qe5 42. Qxe5 Rxf1+ 43. Kxf1 fxe5 44. Kf2 Kg8 45. Kf3 Kf7 46. Ke4 Ke6 47. a4 h5 48. g3 Kf6 49. g4 hxg4 50. hxg4 Kg5 51. Kxe5 Kxg4 52. Kd5 1/2-1/2

[Event "Corr"]
[Site "?"]
[Date "1999.??.??"]
[Round "?"]
[White "Makovsky Petr"]
[Black "McCorry Robert T"]
[Result "1-0"]
[WhiteElo "2305"]
[BlackElo "2411"]
[PlyCount "121"]
[EventDate "1999.??.??"]
[Source "www.chesslib.no"]
[SourceDate "2004.05.04"]

1. e4 e5 2. Nf3 Nc6 3. Bc4 Nf6 4. Ng5 d5 5. exd5 Na5 6. Bb5+ c6 7. dxc6 bxc6 8. Be2 h6 9. Nf3 e4 10. Ne5 Bd6 11. f4 exf3 12. Nxf3 Qc7 13. O-O O-O 14. d4 c5 15. Nc3 a6 16. Kh1 Bb7 17. dxc5 Bxc5 18. Nh4 Rad8 19. Qe1 Bd6 20. Bxh6 Nh7 21. Bd2 Rfe8 22. Qf2 Nc4 23. Bxc4 Qxc4 24. Nf5 Bb8 25. Rae1 Rxe1 26. Rxe1 Qg4 27. Ne3 Qg6 28. Re2 Ng5 29. Nf5 Qh7 30. Ng3 Ne6 31. Kg1 Rd7 32. Bc1 Qh4 33. a3 Bd6 34. Re1 Rc7 35. Nd1 Rc4 36. Rf1 f6 37. Ne3 Rf4 38. Qd2 Rd4 39. Qe1 Re4 40. b4 Nd4 41. Qf2 Bxg3 42. hxg3 Qh5 43. Re1 Qe5 44. Bb2 Qe6 45. Bxd4 Rxd4 46. Nf5 Re4 47. Rxe4 Bxe4 48. Ne3 Qc6 49. c4 Qd6 50. Qf4 Qd3 51. b5 Bb7 52. a4 Qb1+ 53. Nf1 Qb4 54. Kh2 Qc5 55. g4 axb5 56. cxb5 Bc8 57. Nd2 Be6 58. Ne4 Qc2 59. g5 Bd5 60. g6 Qc8 61. Ng3 1-0

[Event "BCF Team Ch 9697"]
[Site "England"]
[Date "1996.??.??"]
[Round "2"]
[White "Harley, Andrew"]
[Black "Pein, Malcolm"]
[Result "1/2-1/2"]
[WhiteElo "2270"]
[BlackElo "2430"]
[PlyCount "59"]
[EventDate "1996.??.??"]
[Source "www.chesslib.no"]
[SourceDate "2004.05.04"]

1. e4 e5 2. Nf3 Nc6 3. Bc4 Nf6 4. Ng5 d5 5. exd5 Na5 6. Bb5+ c6 7. dxc6 bxc6 8. Be2 h6 9. Nf3 e4 10. Ne5 Bd6 11. d4 exd3 12. Nxd3 Qc7 13. b3 O-O 14. Bb2 Re8 15. h3 Qe7 16. Nc3 Ne4 17. O-O Nxc3 18. Bxc3 Nxb3 19. axb3 Qxe2 20. Bd4 a6 21. Re1 Qxd1 22. Rexd1 Bf5 23. Kf1 Rec8 24. Ra5 c5 25. Be3 Bg6 26. Rda1 c4 27. bxc4 Rxc4 28. Rxa6 Rxa6 29. Rxa6 Bc7 30. Ra7 1/2-1/2

[Event "Oberwart Open"]
[Site "Oberwart AUT"]
[Date "1992.??.??"]
[Round "2"]
[White "Wetscherek, Gerhard"]
[Black "Donchev, Dimitar I"]
[Result "1-0"]
[WhiteElo "2205"]
[BlackElo "2495"]
[PlyCount "74"]
[EventDate "1992.07.??"]
[Source "www.chesslib.no"]
[SourceDate "2004.05.04"]

1. e4 e5 2. Nf3 Nc6 3. Bc4 Nf6 4. Ng5 d5 5. exd5 Na5 6. Bb5+ c6 7. dxc6 bxc6 8. Be2 h6 9. Nf3 e4 10. Ne5 Qd4 11. f4 Bc5 12. Rf1 Qd8 13. c3 Nd5 14. Qa4 Qh4+ 15. Kd1 O-O 16. Qxe4 Rd8 17. Nf3 Qf6 18. d4 Bb6 19. Bd3 g6 20. Qe5 c5 21. Qxf6 Nxf6 22. Be3 Nc6 23. Nbd2 cxd4 24. cxd4 Nxd4 25. Ne5 Ng4 26. Nxg4 Bxg4+ 27. Ke1 Ba5 28. h3 Bf5 29. Bb1 Bxb1 30. Rxb1 Nc2+ 31. Ke2 Nxe3 32. Kxe3 Re8+ 33. Kf3 Bxd2 34. Rbd1 Rad8 35. Rf2 Re3+ 36. Kg4 f5+ 37. Kh4 Ba5 1-0

[Event "Corr"]
[Site "?"]
[Date "1999.??.??"]
[Round "?"]
[White "Limayo Edgardo V"]
[Black "Armani Giuseppe"]
[Result "0-1"]
[WhiteElo "2369"]
[BlackElo "2328"]
[PlyCount "74"]
[EventDate "1999.??.??"]
[Source "www.chesslib.no"]
[SourceDate "2004.05.04"]

1. e4 e5 2. Nf3 Nc6 3. Bc4 Nf6 4. Ng5 d5 5. exd5 Na5 6. Bb5+ c6 7. dxc6 bxc6 8. Be2 h6 9. Nf3 e4 10. Ne5 Bd6 11. d4 exd3 12. Nxd3 Qc7 13. b3 O-O 14. Bb2 Ne4 15. Nc3 Nxc3 16. Bxc3 c5 17. h3 c4 18. Nb2 Be5 19. Qd2 Bxc3 20. Qxc3 Re8 21. Nd1 f5 22. Ne3 f4 23. Nd5 Qf7 24. Qxa5 f3 25. Ne3 fxe2 26. Kxe2 Bb7 27. f3 cxb3 28. axb3 Qf4 29. Qd2 Rad8 30. Qc1 Qg3 31. Kf1 Bxf3 32. gxf3 Rf8 33. Ng2 Rxf3+ 34. Kg1 Rf2 35. Rh2 Rdd2 36. Qxd2 Rxd2 37. Rf1 Rxc2 0-1

[Event "Landesliga N Bayern 9596"]
[Site "GER"]
[Date "1995.??.??"]
[Round "?"]
[White "Kreuzer, Martin"]
[Black "Sinkovics, Peter"]
[Result "1-0"]
[WhiteElo "2285"]
[BlackElo "2410"]
[PlyCount "71"]
[EventDate "1995.10.??"]
[Source "www.chesslib.no"]
[SourceDate "2004.05.04"]

1. e4 e5 2. Nf3 Nc6 3. Bc4 Nf6 4. Ng5 d5 5. exd5 Na5 6. Bb5+ c6 7. dxc6 bxc6 8. Be2 h6 9. Nf3 e4 10. Ne5 Bd6 11. d4 exd3 12. Nxd3 Qc7 13. b3 O-O 14. Bb2 Ne4 15. Nd2 Bf5 16. Nxe4 Bxe4 17. Qd2 Rad8 18. Qc3 f6 19. f3 Bxd3 20. cxd3 Rfe8 21. Qc2 Bxh2 22. O-O-O c5 23. Kb1 Be5 24. d4 cxd4 25. Qf5 d3 26. Bxd3 Bxb2 27. Qh7+ Kf8 28. Kxb2 Re3 29. Kb1 Qb6 30. Bc2 Rd4 31. Rxd4 Qxd4 32. Rd1 Qb4 33. Rd8+ Ke7 34. Qg8 Re1+ 35. Bd1 f5 36. Qf8+ 1-0

[Event "TCh-CHN Women, Suzhou, Jiangsu CHN"]
[Site "?"]
[Date "2001.??.??"]
[Round "7"]
[White "Guo Jun"]
[Black "Wang Yu"]
[Result "1/2-1/2"]
[WhiteElo "2265"]
[BlackElo "2425"]
[PlyCount "68"]
[EventDate "2001.??.??"]
[Source "www.chesslib.no"]
[SourceDate "2004.05.04"]

1. e4 e5 2. Nf3 Nc6 3. Bc4 Nf6 4. Ng5 d5 5. exd5 Na5 6. Bb5+ c6 7. dxc6 bxc6 8. Be2 h6 9. Nf3 e4 10. Ne5 Bd6 11. f4 Qc7 12. d4 O-O 13. O-O c5 14. c3 Bb7 15. Kh1 Rad8 16. Na3 a6 17. Nac4 Nxc4 18. Nxc4 cxd4 19. Nxd6 dxc3 20. bxc3 Rxd6 21. Qe1 Re8 22. Be3 Nd5 23. Bd4 Nxf4 24. Rxf4 Rxd4 25. Rxf7 Qxf7 26. cxd4 e3 27. Qf1 Qg6 28. Bc4+ Kh7 29. d5 e2 30. Bxe2 Bxd5 31. Bxa6 Rf8 32. Qe2 Re8 33. Qf1 Rf8 34. Qe2 Re8 1/2-1/2

[Event "Corr"]
[Site "?"]
[Date "2002.12.15"]
[Round "?"]
[White "Claridge John Bleddyn"]
[Black "Frost Lionel B"]
[Result "1/2-1/2"]
[WhiteElo "2376"]
[BlackElo "2292"]
[PlyCount "109"]
[EventDate "2002.??.??"]
[Source "www.chesslib.no"]
[SourceDate "2004.05.04"]

1. e4 e5 2. Nf3 Nc6 3. Bc4 Nf6 4. Ng5 d5 5. exd5 Na5 6. Bb5+ c6 7. dxc6 bxc6 8. Be2 h6 9. Nf3 e4 10. Ne5 Bd6 11. d4 exd3 12. Nxd3 O-O 13. b3 Re8 14. O-O Qc7 15. g3 Be5 16. Bf4 Bxf4 17. Nxf4 Bb7 18. Bf3 Rad8 19. Nd2 Qd6 20. Nd3 Ba6 21. Re1 Rxe1+ 22. Qxe1 Bxd3 23. cxd3 Qxd3 24. Rd1 Nd5 25. Be4 Qb5 26. Nf3 Re8 27. Nd4 Qc5 28. Bh7+ Kf8 29. Qd2 Nc3 30. Rc1 Qxd4 31. Qxc3 Qxc3 32. Rxc3 g6 33. b4 Nb7 34. Rxc6 Nd8 35. Ra6 Re7 36. Bxg6 fxg6 37. Rxg6 Re6 38. Rxe6 Nxe6 39. Kf1 Nd4 40. a4 Kf7 41. f4 Kf6 42. Kf2 Kf5 43. b5 Ke4 44. Kg2 Kf5 45. Kh3 h5 46. Kh4 Kg6 47. g4 Nf3+ 48. Kg3 Nd4 49. gxh5+ Kxh5 50. Kf2 Kg4 51. Ke3 Nb3 52. h3+ Kf5 53. h4 Kg4 54. Ke4 Nc5+ 55. Ke5 1/2-1/2